[Event "Menorca op 3rd"]
[Site "Ciutadella de Menorca"]
[Date "2024.04.04"]
[Round "5"]
[White "Karthik, Venkataraman"]
[Black "Deuer, Marius"]
[Result "1-0"]
[WhiteElo "2609"]
[BlackElo "2439"]
[PlyCount "81"]
[EventDate "2024.04.02"]
[EventType "swiss"]
[EventRounds "9"]
[EventCountry "ESP"]
[SourceTitle "CB15_2024"]
[SourceDate "2024.04.10"]
[SourceVersion "1"]
[SourceVersionDate "2024.04.10"]
[SourceQuality "1"]

1. c4 Nf6 2. Nc3 c5 3. g3 d5 4. cxd5 Nxd5 5. Bg2 Nc7 6. e3 e5 7. Nge2 Nc6 8. 0-0 Be7 9. f4 0-0 10. b3 f6 11. Ba3 Be6 12. Ne4 Na6 13. f5 Bf7 14. g4 Nab4 15. h4 c4 16. N2c3 Kh8 17. Kh2 Rc8 18. Rg1 cxb3 19. axb3 Nd5 20. Bxe7 Qxe7 21. g5 Nxc3 22. dxc3 Rcd8 23. Qc2 Bd5 24. c4 Nb4 25. Qc3 Bc6 26. c5 Nd5 27. Qe1 fxg5 28. Nxg5 Nc7 29. Bxc6 bxc6 30. Rxa7 Rxf5 31. Qb4 h6 32. Qe4 Qf6 33. Rxc7 hxg5 34. Rxc6 Qf7 35. Rg2 gxh4 36. Rcg6 Rh5 37. Rxg7 Qe6 38. R7g6 Qf7 39. Qg4 Rh7 40. Qg5 Re8 41. Rh6 1-0

[Event "Menorca op 3rd"]
[Site "Ciutadella de Menorca"]
[Date "2024.04.03"]
[Round "3"]
[White "Karthik, Venkataraman"]
[Black "Macias Pino, Diego"]
[Result "1/2-1/2"]
[WhiteElo "2609"]
[BlackElo "2478"]
[PlyCount "33"]
[EventDate "2024.04.02"]
[EventType "swiss"]
[EventRounds "9"]
[EventCountry "ESP"]
[SourceTitle "CB15_2024"]
[SourceDate "2024.04.10"]
[SourceVersion "1"]
[SourceVersionDate "2024.04.10"]
[SourceQuality "1"]

1. e4 e5 2. Nf3 Nc6 3. Bb5 Nf6 4. d3 d6 5. 0-0 a6 6. Ba4 b5 7. Bb3 Na5 8. Bd2 Nxb3 9. axb3 Bb7 10. b4 Be7 11. Re1 0-0 12. Nc3 Re8 13. h3 h6 14. Re2 Bf8 15. Qe1 Rc8 16. Nh2 c5 17. bxc5 1/2-1/2

[Event "La Roda op 50th"]
[Site "La Roda"]
[Date "2024.03.31"]
[Round "8"]
[White "Karthik, Venkataraman"]
[Black "Elias Reyes, Jorge Roberto"]
[Result "1-0"]
[WhiteElo "2609"]
[BlackElo "2473"]
[PlyCount "53"]
[EventDate "2024.03.27"]
[EventType "swiss"]
[EventRounds "9"]
[EventCountry "ESP"]
[SourceTitle "CB14_2024"]
[SourceDate "2024.04.01"]
[SourceVersion "1"]
[SourceVersionDate "2024.04.01"]
[SourceQuality "1"]

1. e4 c5 2. Nf3 e6 3. c3 Nf6 4. e5 Nd5 5. a3 d6 6. d4 cxd4 7. c4 Ne7 8. exd6 Qxd6 9. Qxd4 Qxd4 10. Nxd4 a6 11. f4 g6 12. Nc3 Bg7 13. Be3 Bd7 14. 0-0-0 Nf5 15. Bf2 Nxd4 16. Bxd4 Bxd4 17. Rxd4 Bc6 18. b4 b6 19. h4 h5 20. Rh3 Nd7 21. Rd6 Rc8 22. c5 bxc5 23. Bxa6 Rc7 24. b5 Bb7 25. Rhd3 Bxa6 26. bxa6 c4 27. Rd1 1-0

[Event "IND-ch Blitz"]
[Site "Nashik"]
[Date "2024.03.07"]
[Round "6"]
[White "Karthik, Venkataraman"]
[Black "Srihari, Lakshmi"]
[Result "1-0"]
[WhiteElo "2468"]
[BlackElo "2199"]
[PlyCount "115"]
[EventDate "2024.03.07"]
[EventType "swiss (blitz)"]
[EventRounds "11"]
[EventCountry "IND"]
[SourceTitle "CB11_2024"]
[SourceDate "2024.03.13"]
[SourceVersion "1"]
[SourceVersionDate "2024.03.13"]
[SourceQuality "1"]

1. g3 Nf6 2. Bg2 g6 3. c4 Bg7 4. Nc3 0-0 5. Nf3 d6 6. d4 Nbd7 7. 0-0 e5 8. e4 exd4 9. Nxd4 Nc5 10. Re1 Re8 11. h3 Bd7 12. Bf4 h6 13. f3 Nh5 14. Nde2 Nxf4 15. Nxf4 Be5 16. Qd2 Qg5 17. Kh2 h5 18. h4 Bxf4 19. Qxf4 Qxf4 20. gxf4 Nd3 21. Nd5 Nxe1 22. Rxe1 Red8 23. f5 c6 24. Nf4 Kg7 25. fxg6 fxg6 26. Rd1 Rf8 27. Kg3 Rf6 28. e5 Rxf4 29. Kxf4 dxe5+ 30. Kxe5 Re8+ 31. Kf4 Bf5 32. Bf1 Kf6 33. c5 Be6 34. Rd6 Ke7 35. Bd3 Rf8+ 36. Ke3 Bd5 37. f4 Rf6 38. Bxg6 Bxa2 39. Rxf6 Kxf6 40. Bxh5 b6 41. Bf3 bxc5 42. Bxc6 a5 43. Be4 Bb3 44. h5 a4 45. h6 Bc4 46. Bc2 Bb5 47. Kd2 Bc4 48. Kc3 Bd5 49. Kd2 Bc4 50. Ke3 Bd5 51. f5 Bc4 52. h7 Kg7 53. f6+ Kh8 54. Kf4 Bf7 55. Ke5 Bc4 56. Kd6 Bb3 57. Bxb3 axb3 58. f7 1-0

[Event "IND-ch Rapid"]
[Site "Nashik"]
[Date "2024.03.05"]
[Round "7"]
[White "Karthik, Venkataraman"]
[Black "Wagh, Suyog"]
[Result "0-1"]
[WhiteElo "2427"]
[BlackElo "2215"]
[PlyCount "76"]
[EventDate "2024.03.04"]
[EventType "swiss (rapid)"]
[EventRounds "11"]
[EventCountry "IND"]
[SourceTitle "CB11_2024"]
[SourceDate "2024.03.13"]
[SourceVersion "1"]
[SourceVersionDate "2024.03.13"]
[SourceQuality "1"]

1. e4 c6 2. d4 d5 3. e5 Bf5 4. h4 h5 5. Bd3 Bxd3 6. Qxd3 Qa5+ 7. Nd2 e6 8. Ngf3 Nh6 9. 0-0 Nf5 10. Nb3 Qa6 11. Qc3 Be7 12. Bg5 Nd7 13. Bxe7 Nxe7 14. Nc1 Rc8 15. Nd3 Nf5 16. Nf4 c5 17. dxc5 Rxc5 18. Qd2 g6 19. c3 0-0 20. Rfe1 Rc4 21. g3 Nc5 22. Ng5 Ne4 23. Nxe4 Rxe4 24. a3 Qb6 25. Kh2 Qc7 26. Nd3 Kh7 27. f3 Rxe1 28. Rxe1 Rd8 29. g4 hxg4 30. fxg4 Nh6 31. Nf2 Qb6 32. Kh3 Qb5 33. Ne4 dxe4 34. Qxd8 Qxb2 35. Qd4 Nxg4 36. Qg1 Nf2+ 37. Kg3 Qxc3+ 38. Kxf2 Qf3# 0-1

[Event "Chessable Masters Play In"]
[Site "Chess.com INT"]
[Date "2024.01.31"]
[Round "2"]
[White "Karthik, Venkataraman"]
[Black "Jumabayev, Rinat"]
[Result "1/2-1/2"]
[WhiteElo "2609"]
[BlackElo "2598"]
[PlyCount "80"]
[EventDate "2024.01.31"]
[EventType "swiss (rapid)"]
[EventRounds "9"]
[EventCountry "USA"]
[SourceTitle "CB06_2024"]
[SourceDate "2024.02.07"]
[SourceVersion "1"]
[SourceVersionDate "2024.02.07"]
[SourceQuality "1"]

1. e4 e5 2. Nf3 Nc6 3. Bb5 a6 4. Ba4 Bc5 5. c3 Nge7 6. d4 exd4 7. cxd4 Bb4+ 8. Nc3 d5 9. e5 Bg4 10. a3 Ba5 11. Be3 b5 12. Bc2 Bb6 13. Ne2 Qd7 14. Ng3 Nf5 15. Nxf5 Bxf5 16. Bxf5 Qxf5 17. 0-0 0-0 18. Rc1 Nd8 19. Qb3 c6 20. Qc2 Qh5 21. h3 Rc8 22. Kh2 Ne6 23. g4 Qg6 24. Qf5 c5 25. dxc5 Bxc5 26. Bxc5 Rxc5 27. Rxc5 Nxc5 28. Rd1 Na4 29. b3 Nc3 30. Rd3 Qc6 31. Nd4 Qc7 32. Qf4 a5 33. Nf5 b4 34. axb4 axb4 35. Re3 Ne4 36. Nd6 f6 37. Nxe4 fxe5 38. Qg3 dxe4 39. Rxe4 Qc2 40. Rc4 Qxf2+ 1/2-1/2

[Event "Wch Blitz"]
[Site "Samarkand"]
[Date "2023.12.30"]
[Round "19"]
[White "Karthik, Venkataraman"]
[Black "Khismatullin, Denis Rimovich"]
[Result "1-0"]
[WhiteElo "2609"]
[BlackElo "2579"]
[PlyCount "143"]
[EventDate "2023.12.29"]
[EventType "swiss (blitz)"]
[EventRounds "21"]
[EventCountry "UZB"]
[SourceTitle "CB01_2024"]
[SourceDate "2024.01.03"]
[SourceVersion "1"]
[SourceVersionDate "2024.01.03"]
[SourceQuality "1"]

1. e4 d6 2. d4 Nf6 3. Nc3 e5 4. Nf3 Nbd7 5. a4 Be7 6. a5 c6 7. Be2 0-0 8. 0-0 Re8 9. Re1 Qc7 10. Bf1 Bf8 11. b3 exd4 12. Nxd4 Ne5 13. h3 Bd7 14. Bg5 Be7 15. Qd2 Rad8 16. Kh1 h6 17. Bf4 Bf8 18. Bh2 b5 19. axb6 axb6 20. f4 Ng6 21. Qf2 b5 22. Bd3 b4 23. Nb1 c5 24. Nf3 Bc6 25. Nbd2 Qb7 26. Ba6 Qd7 27. Bd3 Qb7 28. Ba6 Qc7 29. Bd3 Nh5 30. Nh4 Nxh4 31. Qxh4 g6 32. e5 dxe5 33. f5 Rd4 34. Ne4 Bg7 35. fxg6 fxg6 36. Qg4 Qf7 37. Bc4 Bd5 38. Bxd5 Rxd5 39. Ra6 Nf4 40. Nd6 Rxd6 41. Rxd6 g5 42. Qd7 Re7 43. Qc8+ Kh7 44. Qxc5 e4 45. Qc4 Qxc4 46. bxc4 e3 47. Bxf4 gxf4 48. Re2 Rc7 49. Rd5 Rxc4 50. Rf5 Kg6 51. g4 Bf6 52. Kg2 Rd4 53. Kf3 Bg5 54. h4 Bxh4 55. Rxf4 Rd6 56. Rxb4 Bg5 57. Rb5 Rf6+ 58. Rf5 Rc6 59. Rf8 Rc4 60. Rg8+ Kf7 61. Ra8 Rf4+ 62. Kg3 Rd4 63. Rc8 Ke6 64. Rc6+ Kd5 65. Rc3 Ke4 66. Rc8 Bf4+ 67. Kg2 Bg5 68. Re8+ Kf4 69. R8xe3 Kxg4 70. Re4+ Rxe4 71. Rxe4+ Kf5 72. Kf3 1-0

[Event "Wch Blitz"]
[Site "Samarkand"]
[Date "2023.12.30"]
[Round "13"]
[White "Karthik, Venkataraman"]
[Black "Zvjaginsev, Vadim"]
[Result "1/2-1/2"]
[WhiteElo "2609"]
[BlackElo "2567"]
[PlyCount "239"]
[EventDate "2023.12.29"]
[EventType "swiss (blitz)"]
[EventRounds "21"]
[EventCountry "UZB"]
[SourceTitle "CB01_2024"]
[SourceDate "2024.01.03"]
[SourceVersion "1"]
[SourceVersionDate "2024.01.03"]
[SourceQuality "1"]

1. b3 e5 2. Bb2 d6 3. e3 g6 4. d4 Bg7 5. dxe5 Nd7 6. Nf3 dxe5 7. Be2 Ne7 8. Nbd2 0-0 9. e4 Nc6 10. 0-0 Nb6 11. a4 a5 12. h3 Be6 13. Re1 Re8 14. c3 h6 15. Qc2 Qf6 16. Nf1 Red8 17. Ne3 h5 18. Bc1 Qe7 19. Ba3 Qf6 20. Bc1 Qe7 21. Nd2 Bh6 22. Ndc4 Nxc4 23. bxc4 Bxe3 24. Bxe3 Nb8 25. Rab1 b6 26. c5 bxc5 27. Rb5 Nd7 28. Reb1 c4 29. Qa2 Nb6 30. Rxe5 Qf6 31. Bd4 Rac8 32. Rxa5 Rxd4 33. cxd4 Qxd4 34. Qc2 c3 35. Qd3 Rd8 36. Qxd4 Rxd4 37. Rc5 Nxa4 38. Rxc7 Rxe4 39. Bb5 Ba2 40. Rc1 Bb3 41. Bxa4 Rxa4 42. R7xc3 Be6 43. Re3 Kg7 44. Rc7 Kf6 45. Kh2 Ra2 46. Kg3 Ra4 47. Rf3+ Kg7 48. Rf4 Ra5 49. h4 Ra3+ 50. f3 Rb3 51. Re4 Kf6 52. Re2 Rb4 53. Ra7 Rc4 54. Rd2 Rb4 55. Ra3 Rc4 56. Rad3 Rb4 57. Rd4 Rb1 58. Ra4 Rc1 59. Kf4 Rb1 60. Rdd4 Rc1 61. Ra5 Rb1 62. Rc5 Ra1 63. Rc2 Rb1 64. Rf2 Rh1 65. g3 Bc8 66. Rc2 Be6 67. Rf2 Bc8 68. Rb4 Be6 69. Rb5 Ra1 70. Rd2 Ra4+ 71. Ke3 Ra3+ 72. Kf2 Rc3 73. Rb4 Ra3 74. Rf4+ Kg7 75. Re2 Rb3 76. g4 hxg4 77. fxg4 Rh3 78. g5 Rh2+ 79. Ke1 Rxe2+ 80. Kxe2 Ba2 81. Ke3 Bb3 82. Kd4 Ba2 83. Ke5 Bb3 84. Rb4 Ba2 85. Kd6 Be6 86. Rb7 Ba2 87. Re7 Bb3 88. Re3 Ba2 89. Ke5 Bc4 90. Kf4 Ba2 91. Kg4 Be6+ 92. Kg3 Bd5 93. Kf4 Bc4 94. Re4 Bb3 95. Re1 Ba2 96. Rh1 Bd5 97. Rh2 Bc4 98. h5 gxh5 99. Rxh5 Bb3 100. Rh6 Be6 101. Rf6 Ba2 102. Rb6 Bc4 103. Rd6 Bb3 104. Kg4 Bc4 105. Kf5 Be6+ 106. Kf4 Bb3 107. Kg4 Be6+ 108. Kh5 Bf5 109. Rf6 Bc2 110. Kg4 Bb1 111. Kf4 Bc2 112. Ke5 Bb3 113. Kd6 Ba2 114. Ke7 Bb3 115. Rd6 Ba2 116. Rb6 Bc4 117. Kd6 Ba2 118. Ke5 Bc4 119. Kf5 Bd3+ 120. Kf4 1/2-1/2

[Event "Wch Blitz"]
[Site "Samarkand"]
[Date "2023.12.29"]
[Round "7"]
[White "Karthik, Venkataraman"]
[Black "Chinguun, Sumiya"]
[Result "1-0"]
[WhiteElo "2609"]
[BlackElo "2319"]
[PlyCount "95"]
[EventDate "2023.12.29"]
[EventType "swiss (blitz)"]
[EventRounds "21"]
[EventCountry "UZB"]
[SourceTitle "CB01_2024"]
[SourceDate "2024.01.03"]
[SourceVersion "1"]
[SourceVersionDate "2024.01.03"]
[SourceQuality "1"]

1. e4 c5 2. Nf3 Nc6 3. Bb5 g6 4. Bxc6 dxc6 5. d3 Bg7 6. h3 Nf6 7. Nc3 Nd7 8. Be3 e5 9. Qd2 Qe7 10. Bh6 Bxh6 11. Qxh6 Qf6 12. Qe3 b6 13. Ne2 Nf8 14. 0-0 Ne6 15. c3 0-0 16. Nh2 Rd8 17. Ng4 Qg7 18. Rad1 h5 19. Nh2 Ba6 20. f4 exf4 21. Nxf4 Nxf4 22. Rxf4 Rd7 23. e5 Re8 24. Nf3 Rd5 25. c4 Rd7 26. Qf2 Bc8 27. b3 Rdd8 28. d4 cxd4 29. Rdxd4 Be6 30. Qd2 Rc8 31. Rd6 c5 32. Rf6 Bf5 33. Qf4 Re7 34. Rxf5 gxf5 35. Rf6 Re6 36. Rxf5 Rg6 37. Nh4 Rg3 38. Kh2 Rg6 39. Nxg6 fxg6 40. Rf6 Re8 41. Qg5 Kh7 42. e6 Re7 43. Qf4 Kg8 44. h4 Re8 45. Qg5 Qc7+ 46. g3 Re7 47. Rxg6+ Kf8 48. Rg8# 1-0

[Event "Wch Rapid"]
[Site "Samarkand"]
[Date "2023.12.26"]
[Round "1"]
[White "Andreikin, Dmitry"]
[Black "Karthik, Venkataraman"]
[Result "1/2-1/2"]
[WhiteElo "2729"]
[BlackElo "2609"]
[PlyCount "58"]
[EventDate "2023.12.26"]
[EventType "swiss (rapid)"]
[EventRounds "13"]
[EventCountry "UZB"]
[SourceTitle "CB01_2024"]
[SourceDate "2024.01.03"]
[SourceVersion "1"]
[SourceVersionDate "2024.01.03"]
[SourceQuality "1"]

1. Nf3 d5 2. g3 b6 3. Bg2 Bb7 4. c4 dxc4 5. Na3 Nd7 6. Nxc4 e6 7. 0-0 Be7 8. b4 Ngf6 9. a3 0-0 10. Bb2 a6 11. Nfe5 Bxg2 12. Kxg2 Nxe5 13. Nxe5 Qd5+ 14. f3 c5 15. bxc5 Bxc5 16. e4 Qb7 17. d4 Be7 18. Rc1 Rac8 19. Rf2 Nd7 20. Nd3 b5 21. Rfc2 Nb6 22. Ne5 Bd6 23. Rxc8 Rxc8 24. Rxc8+ Qxc8 25. d5 exd5 26. exd5 Qc5 27. Qe2 Nxd5 28. Nd3 Qe3 29. Qc2 Qe6 1/2-1/2

[Event "Wch Rapid"]
[Site "Samarkand"]
[Date "2023.12.26"]
[Round "4"]
[White "Karthik, Venkataraman"]
[Black "Khusenkhojaev, Mustafokhuja"]
[Result "1-0"]
[WhiteElo "2609"]
[BlackElo "2298"]
[PlyCount "75"]
[EventDate "2023.12.26"]
[EventType "swiss (rapid)"]
[EventRounds "13"]
[EventCountry "UZB"]
[SourceTitle "CB01_2024"]
[SourceDate "2024.01.03"]
[SourceVersion "1"]
[SourceVersionDate "2024.01.03"]
[SourceQuality "1"]

1. c4 Nf6 2. Nc3 c5 3. g3 d5 4. cxd5 Nxd5 5. Bg2 Nc7 6. Rb1 e5 7. a3 Nc6 8. b4 Bf5 9. Rb2 cxb4 10. axb4 Be7 11. b5 Na5 12. Qa4 b6 13. Nf3 Bd6 14. d4 exd4 15. Nxd4 Bd7 16. 0-0 Rc8 17. Rd2 0-0 18. Ne4 Be7 19. Nc6 Qe8 20. Nxe7+ Qxe7 21. Ba3 Bxb5 22. Qxa5 Qxe4 23. Qxa7 Qa4 24. Qxa4 Bxa4 25. Bxf8 Rxf8 26. Rb1 b5 27. Bc6 g6 28. e3 Rb8 29. Rd4 Rb6 30. Rxa4 Rxc6 31. Rd4 Rb6 32. Rc1 Ne6 33. Rb4 Kg7 34. Rd1 Nc7 35. Rd7 Na6 36. Rf4 b4 37. Rdxf7+ Kg8 38. R7f6 1-0

[Event "Wch Rapid"]
[Site "Samarkand"]
[Date "2023.12.26"]
[Round "3"]
[White "Suleymanli, Aydin Elshan"]
[Black "Karthik, Venkataraman"]
[Result "1-0"]
[WhiteElo "2609"]
[BlackElo "2609"]
[PlyCount "67"]
[EventDate "2023.12.26"]
[EventType "swiss (rapid)"]
[EventRounds "13"]
[EventCountry "UZB"]
[SourceTitle "CB01_2024"]
[SourceDate "2024.01.03"]
[SourceVersion "1"]
[SourceVersionDate "2024.01.03"]
[SourceQuality "1"]

1. e4 c6 2. d4 d5 3. exd5 cxd5 4. Bd3 Nf6 5. c3 Bg4 6. Qb3 Qc7 7. h3 Bd7 8. Ne2 Nc6 9. Bf4 Qc8 10. Nd2 g6 11. Bg5 Be6 12. Nf4 Qd7 13. Nf3 a6 14. 0-0 Bg7 15. Nxe6 fxe6 16. Rae1 0-0 17. Re3 Ne8 18. Rfe1 Nc7 19. Nh2 e5 20. dxe5 Ne6 21. Bh4 Bh6 22. Rf3 Bf4 23. Bg3 Rad8 24. Qd1 Qc7 25. Bxf4 Nxf4 26. Ng4 h5 27. Qd2 Nxd3 28. Qxd3 hxg4 29. Qxg6+ Kh8 30. Qh5+ Kg7 31. Qxg4+ Kh6 32. Qh4+ Kg6 33. Rg3+ Kf7 34. e6+ 1-0

[Event "Mersin op 7th"]
[Site "Mersin"]
[Date "2023.11.16"]
[Round "7"]
[White "Karthik, Venkataraman"]
[Black "Gleizerov, Evgeny"]
[Result "1-0"]
[WhiteElo "2565"]
[BlackElo "2382"]
[PlyCount "53"]
[EventDate "2023.11.12"]
[EventType "swiss"]
[EventRounds "9"]
[EventCountry "TUR"]
[SourceTitle "CB47_2023"]
[SourceDate "2023.11.22"]
[SourceVersion "1"]
[SourceVersionDate "2023.11.22"]
[SourceQuality "1"]

1. e4 e6 2. d4 d5 3. Nc3 Nf6 4. Bg5 Be7 5. e5 Nfd7 6. h4 h6 7. Be3 c5 8. Qg4 g6 9. dxc5 Nc6 10. 0-0-0 Ndxe5 11. Qg3 h5 12. Bf4 f6 13. Bxe5 Nxe5 14. Nf3 Ng4 15. Nh2 Nxh2 16. Qxg6+ Kf8 17. Rxh2 Qc7 18. Rh3 Qf4+ 19. Kb1 Qh6 20. Qg3 Bxc5 21. Nb5 Qg7 22. Qc3 Qe7 23. Rf3 Rh6 24. Qd2 Rh7 25. c4 dxc4 26. Bxc4 Bd7 27. Qg5 1-0

[Event "Mersin op 7th"]
[Site "Mersin"]
[Date "2023.11.15"]
[Round "5"]
[White "Karthik, Venkataraman"]
[Black "Rasulov, Vugar Ural Oglu"]
[Result "1-0"]
[WhiteElo "2565"]
[BlackElo "2544"]
[PlyCount "117"]
[EventDate "2023.11.12"]
[EventType "swiss"]
[EventRounds "9"]
[EventCountry "TUR"]
[SourceTitle "CB47_2023"]
[SourceDate "2023.11.22"]
[SourceVersion "1"]
[SourceVersionDate "2023.11.22"]
[SourceQuality "1"]

1. e4 c5 2. Nf3 e6 3. d4 cxd4 4. Nxd4 Nc6 5. Nc3 Qc7 6. Be3 a6 7. a3 b5 8. Nxc6 dxc6 9. Qg4 Nf6 10. Qg3 Qxg3 11. hxg3 e5 12. f3 Be6 13. a4 Rc8 14. g4 Nd7 15. g5 Be7 16. g3 0-0 17. Bh3 Bxh3 18. Rxh3 Rfd8 19. Ke2 Nf8 20. f4 f6 21. gxf6 Bxf6 22. f5 h6 23. Nb1 Nh7 24. Nd2 Be7 25. g4 Ng5 26. Rhh1 Nf7 27. Rhd1 Bg5 28. a5 Bxe3 29. Kxe3 Nd6 30. b3 Kf7 31. Nf3 Kf6 32. Rd3 Nf7 33. Rad1 Rxd3+ 34. Rxd3 Ke7 35. Nh4 Nh8 36. Rd1 Rb8 37. f6+ Kxf6 38. Rd6+ Kg5 39. Nf3+ Kxg4 40. Nxe5+ Kg3 41. Nxc6 Ra8 42. e5 Re8 43. Ke4 h5 44. Nd4 Kg4 45. Rxa6 h4 46. Ra7 Ng6 47. Nf3 Ne7 48. a6 h3 49. Rc7 g5 50. a7 Nf5 51. Nh2+ Kg3 52. Kxf5 Kxh2 53. e6 Kg3 54. Kxg5 h2 55. Rh7 Ra8 56. e7 b4 57. Kf6 Kg2 58. Kf7 Rxa7 59. Kf8 1-0